000 00334nam a2200121Ia 4500
008 250110s9999 xx 000 0 und d
041 _aeng
100 _aWadhavekar Renuka
245 _aLandscape Planning Proposal For A Township In Dehu
260 _bBNCA M Arch LA, Pune
_c2016
300 _a70p
700 _aGuide Name:BNCA
_9210686
999 _c363878
_d363878